[Event "Titled Tuesday intern op 13th Jun Early"]
[Site "Chess.com INT"]
[Date "2023.06.13"]
[Round "3"]
[White "Vianello, Enrico"]
[Black "Kruckenhauser, Arthur"]
[Result "0-1"]
[WhiteElo "2073"]
[BlackElo "2374"]
[PlyCount "64"]
[EventDate "2023.06.13"]
[EventType "swiss (blitz)"]
[EventRounds "11"]
[EventCountry "USA"]
[SourceTitle "EXT 2024"]
[Source "ChessBase"]
[SourceDate "2023.10.10"]
[SourceVersion "1"]
[SourceVersionDate "2023.10.10"]
[SourceQuality "1"]

1. g3 d5 2. Bg2 e6 3. d4 Nf6 4. c4 Be7 5. Nf3 0-0 6. 0-0 b6 7. cxd5 exd5 8. Nc3 Bb7 9. Bf4 a6 10. Rc1 Bd6 11. Bxd6 Qxd6 12. Qd3 Nbd7 13. a3 Rfe8 14. e3 Rac8 15. b4 c5 16. dxc5 bxc5 17. bxc5 Nxc5 18. Qb1 Rb8 19. Qa2 h6 20. Rfd1 Red8 21. Nd4 Ne6 22. Nce2 Qe5 23. Nxe6 fxe6 24. Nd4 Rf8 25. Nc6 Bxc6 26. Rxc6 Rb2 27. Qa1 Ng4 28. Rf1 Nxf2 29. Rc2 Nh3+ 30. Kh1 Rxf1+ 31. Bxf1 Qe4+ 32. Rg2 Rb1 0-1

[Event "Mogliano Veneto op-A 43th"]
[Site "Mogliano Veneto"]
[Date "2023.04.24"]
[Round "3"]
[White "Vianello, Enrico"]
[Black "Gallo, Enrico"]
[Result "1-0"]
[WhiteElo "2042"]
[BlackElo "2097"]
[PlyCount "65"]
[EventDate "2023.04.23"]
[EventType "swiss"]
[EventRounds "5"]
[EventCountry "ITA"]
[SourceTitle "EXT 2024"]
[Source "ChessBase"]
[SourceDate "2023.10.10"]
[SourceVersion "1"]
[SourceVersionDate "2023.10.10"]
[SourceQuality "1"]

1. d4 Nf6 2. Bg5 d5 3. Bxf6 gxf6 4. e3 Bf5 5. c4 dxc4 6. Bxc4 Qd6 7. Qb3 e6 8. Qxb7 Qb4+ 9. Qxb4 Bxb4+ 10. Nc3 Nd7 11. Nge2 0-0 12. 0-0 Rab8 13. Ng3 Nb6 14. Bb3 Bd3 15. Rfd1 Bc4 16. Nce4 Bxb3 17. Nxf6+ Kg7 18. Nfh5+ Kh6 19. axb3 Nc8 20. Nf6 Rd8 21. Ng4+ Kg7 22. Ne5 Rb6 23. Rdc1 Bd6 24. Nc6 Rd7 25. Rc3 Bb4 26. Nxb4 Rxb4 27. Ne4 Nd6 28. Nc5 Re7 29. Rxa7 Nb5 30. Rb7 e5 31. Rd3 exd4 32. Na6 dxe3 33. fxe3 1-0

[Event "Mogliano Veneto op-A 43th"]
[Site "Mogliano Veneto"]
[Date "2023.04.23"]
[Round "1"]
[White "Vianello, Enrico"]
[Black "Canella, Jacopo"]
[Result "1/2-1/2"]
[WhiteElo "2042"]
[BlackElo "1816"]
[PlyCount "92"]
[EventDate "2023.04.23"]
[EventType "swiss"]
[EventRounds "5"]
[EventCountry "ITA"]
[SourceTitle "EXT 2024"]
[Source "ChessBase"]
[SourceDate "2023.10.10"]
[SourceVersion "1"]
[SourceVersionDate "2023.10.10"]
[SourceQuality "1"]

1. d4 d5 2. c4 e6 3. Nc3 Nf6 4. cxd5 exd5 5. Bg5 Bb4 6. Qa4+ Nc6 7. e3 0-0 8. Bd3 h6 9. Bh4 Re8 10. Nge2 a6 11. 0-0 Be7 12. f3 Be6 13. Rae1 Qd7 14. Bf2 Nb4 15. Qd1 Nxd3 16. Qxd3 Bf5 17. e4 dxe4 18. fxe4 Bh7 19. h3 Bb4 20. Ng3 Bxc3 21. bxc3 Re7 22. Qf3 Rae8 23. e5 Nd5 24. Rc1 Re6 25. Ne4 Bxe4 26. Qxe4 c5 27. Bg3 Nb6 28. dxc5 Qd5 29. Qd4 Qxd4+ 30. cxd4 Nd5 31. Rf3 b6 32. Rb3 Rc8 33. Rbb1 Rec6 34. Bf2 Nf4 35. Rc2 bxc5 36. Rxc5 Ne2+ 37. Kf1 Nxd4 38. Rxc6 Nxc6 39. Rc1 Ne7 40. Rxc8+ Nxc8 41. Bc5 Kh7 42. Kf2 Kg6 43. g4 f5 44. Kf3 fxg4+ 45. hxg4 Kf7 46. Kf4 g6 1/2-1/2

[Event "Treviso Master op 4th"]
[Site "Treviso"]
[Date "2023.04.01"]
[Round "3"]
[White "Teutsch, Alexander"]
[Black "Vianello, Enrico"]
[Result "1-0"]
[WhiteElo "2173"]
[BlackElo "2042"]
[PlyCount "101"]
[EventDate "2023.03.31"]
[EventType "swiss"]
[EventRounds "5"]
[EventCountry "ITA"]
[SourceTitle "EXT 2024"]
[Source "ChessBase"]
[SourceDate "2023.10.10"]
[SourceVersion "1"]
[SourceVersionDate "2023.10.10"]
[SourceQuality "1"]

1. d4 Nf6 2. c4 e6 3. Nc3 Bb4 4. e3 0-0 5. Bd3 d5 6. cxd5 exd5 7. Nge2 Re8 8. 0-0 Bd6 9. Ng3 a6 10. Qb3 c6 11. Bd2 Bxg3 12. hxg3 Ne4 13. Nxe4 dxe4 14. Bc4 Qc7 15. Rac1 b5 16. Be2 Qd8 17. Qc2 Qd6 18. a4 Ra7 19. Rfd1 Bf5 20. Qc5 Qxc5 21. Rxc5 Be6 22. Ra1 Rb7 23. axb5 axb5 24. Ra8 Bd5 25. f3 f5 26. g4 g6 27. gxf5 gxf5 28. fxe4 fxe4 29. Be1 Rf8 30. Bb4 Nd7 31. Rxf8+ Nxf8 32. Bg4 Kg7 33. Rc1 Ng6 34. Ra1 Rf7 35. Ra8 Nh4 36. Bh5 Ng6 37. Re8 Kh6 38. Bg4 Rf6 39. Ba5 Rf8 40. Rxf8 Nxf8 41. Kf2 Ne6 42. Kg3 Kg5 43. Bb4 Ng7 44. Be7+ Kg6 45. Kf4 Kf7 46. Bh4 Ne8 47. Ke5 Ng7 48. Bf6 h5 49. Be2 Kg6 50. Bxg7 Kxg7 51. Bxh5 1-0

[Event "Titled Tuesday intern op 13th Dec Early"]
[Site "Chess.com INT"]
[Date "2022.12.13"]
[Round "3"]
[White "Martin Duque, Jesus"]
[Black "Vianello, Enrico"]
[Result "1-0"]
[WhiteElo "2379"]
[BlackElo "2042"]
[PlyCount "63"]
[EventDate "2022.12.13"]
[EventType "swiss (blitz)"]
[EventRounds "11"]
[EventCountry "USA"]
[SourceTitle "EXT 2024"]
[Source "ChessBase"]
[SourceDate "2023.10.10"]
[SourceVersion "1"]
[SourceVersionDate "2023.10.10"]
[SourceQuality "1"]

1. d4 d5 2. c4 Nc6 3. e3 e5 4. cxd5 Qxd5 5. Nc3 Bb4 6. Bd2 Bxc3 7. bxc3 Nf6 8. Qb3 Qd6 9. Bb5 Bd7 10. Nf3 e4 11. Bxc6 Bxc6 12. Ne5 0-0 13. c4 b6 14. Bb4 Qe6 15. Nxc6 Qxc6 16. Bxf8 Rxf8 17. 0-0-0 a6 18. h3 b5 19. c5 Nd5 20. a3 a5 21. Kb2 Rb8 22. Rc1 a4 23. Qc2 b4 24. Qxe4 bxa3+ 25. Ka1 a2 26. f3 g6 27. Kxa2 Nb4+ 28. Ka1 Qb5 29. Rc3 Qe2 30. Qb1 a3 31. Qb3 Nd5 32. Qxb8+ 1-0

[Event "Titled Tuesday intern op 28th Jun Early"]
[Site "Chess.com INT"]
[Date "2022.06.28"]
[Round "4"]
[White "Hoffmann, Asa"]
[Black "Vianello, Enrico"]
[Result "1-0"]
[WhiteElo "2185"]
[BlackElo "2051"]
[PlyCount "41"]
[EventDate "2022.06.28"]
[EventType "swiss (blitz)"]
[EventRounds "11"]
[EventCountry "USA"]
[SourceTitle "CBM 209 Extra"]
[Source "ChessBase"]
[SourceDate "2022.09.30"]
[SourceVersion "1"]
[SourceVersionDate "2022.09.30"]
[SourceQuality "1"]

1. d4 d5 2. Bg5 Nd7 3. c4 c6 4. cxd5 cxd5 5. Nc3 Ndf6 6. e3 h6 7. Bh4 e6 8. Bd3 a6 9. f4 Ne7 10. Nf3 Nc6 11. 0-0 Be7 12. Ne5 Bd7 13. Rc1 0-0 14. Qf3 Rc8 15. f5 exf5 16. Bxf5 Bxf5 17. Qxf5 Nxe5 18. dxe5 Ne4 19. Bxe7 Qxe7 20. Nxd5 Qh4 21. Rxc8 1-0

[Event "Titled Tuesday intern op 28th Jun Early"]
[Site "Chess.com INT"]
[Date "2022.06.28"]
[Round "5"]
[White "Vianello, Enrico"]
[Black "Krishnakumar, Sriram"]
[Result "1/2-1/2"]
[WhiteElo "2051"]
[BlackElo "2214"]
[PlyCount "171"]
[EventDate "2022.06.28"]
[EventType "swiss (blitz)"]
[EventRounds "11"]
[EventCountry "USA"]
[SourceTitle "CBM 209 Extra"]
[Source "ChessBase"]
[SourceDate "2022.09.30"]
[SourceVersion "1"]
[SourceVersionDate "2022.09.30"]
[SourceQuality "1"]

1. Nf3 d5 2. c4 c6 3. e3 Nf6 4. b3 e6 5. Bb2 Bd6 6. Nc3 0-0 7. Be2 Nbd7 8. 0-0 b6 9. Rc1 Bb7 10. Qc2 Rc8 11. Qb1 e5 12. d3 Qe7 13. cxd5 cxd5 14. Rfd1 a6 15. Qa1 d4 16. Nb1 dxe3 17. fxe3 Bc5 18. d4 exd4 19. Bxd4 Rfd8 20. Nbd2 g6 21. Nf1 Ne4 22. Rc2 Bxd4 23. Nxd4 Ndc5 24. Bf3 Ng5 25. Bxb7 Qxb7 26. b4 Nce4 27. Rxc8 Rxc8 28. Rc1 Qd7 29. Qb2 b5 30. Rxc8+ Qxc8 31. Qc2 Qxc2 32. Nxc2 Kf8 33. h4 Ne6 34. Kh2 Ke7 35. Ng3 Nxg3 36. Kxg3 Kd6 37. Kf3 Ke5 38. g4 Nc7 39. g5 Nd5 40. a3 Nc3 41. Nd4 Nb1 42. Nc2 Nd2+ 43. Ke2 Ne4 44. Kf3 Nd6 45. Nd4 Nc4 46. Nc2 Kf5 47. Nd4+ Ke5 48. Nc2 f5 49. gxf6 Kxf6 50. Kf4 Nd6 51. e4 Nc4 52. Nd4 Nxa3 53. e5+ Kf7 54. e6+ Ke7 55. Ke5 Nc4+ 56. Kd5 Ne3+ 57. Ke5 Ng2 58. Nc6+ Ke8 59. Kf6 Nxh4 60. Ne5 Nf5 61. Nf7 Kf8 62. Ng5 Ne7 63. Nxh7+ Ke8 64. Ng5 Kd8 65. Kf7 Nc6 66. Kxg6 Ke7 67. Kf5 Nxb4 68. Ke5 Nd3+ 69. Kd4 Nf4 70. Ke5 Ng6+ 71. Kd5 a5 72. Kc5 b4 73. Kc4 Nf4 74. Kb3 Nxe6 75. Ne4 Nd4+ 76. Ka4 Nc6 77. Nc5 Kd6 78. Nb3 Kc7 79. Nc5 Kb6 80. Nd7+ Ka7 81. Nc5 Kb6 82. Nd7+ Kc7 83. Nc5 Kd6 84. Nb3 Kd5 85. Nxa5 Nxa5 86. Kxb4 1/2-1/2

[Event "Titled Tuesday intern op 28th Jun Early"]
[Site "Chess.com INT"]
[Date "2022.06.28"]
[Round "6"]
[White "Vianello, Enrico"]
[Black "Prieto Aranguren, Alain"]
[Result "0-1"]
[WhiteElo "2051"]
[BlackElo "2272"]
[PlyCount "68"]
[EventDate "2022.06.28"]
[EventType "swiss (blitz)"]
[EventRounds "11"]
[EventCountry "USA"]
[SourceTitle "CBM 209 Extra"]
[Source "ChessBase"]
[SourceDate "2022.09.30"]
[SourceVersion "1"]
[SourceVersionDate "2022.09.30"]
[SourceQuality "1"]

1. Nf3 h5 2. d4 h4 3. h3 c5 4. d5 e6 5. c4 exd5 6. cxd5 Nf6 7. Nc3 d6 8. Bg5 Qb6 9. Qb3 Qb4 10. Qxb4 cxb4 11. Bxf6 gxf6 12. Ne4 Be7 13. e3 Na6 14. Rc1 Bd7 15. Be2 Rh5 16. 0-0 Rxd5 17. Rfd1 Ra5 18. Bc4 Rc8 19. Bb3 Nc5 20. Nxd6+ Bxd6 21. Rxd6 Nxb3 22. Rxc8+ Bxc8 23. axb3 Be6 24. Nd4 Ke7 25. Nxe6 Kxd6 26. Nd4 Ra2 27. Kh2 Rxb2 28. g3 hxg3+ 29. Kxg3 a5 30. h4 Ke7 31. h5 Kf8 32. f4 a4 33. bxa4 b3 34. Kf3 Rb1 0-1

[Event "Titled Tuesday intern op 28th Jun Early"]
[Site "Chess.com INT"]
[Date "2022.06.28"]
[Round "11"]
[White "Vianello, Enrico"]
[Black "Thiel, Thomas"]
[Result "1-0"]
[WhiteElo "2051"]
[BlackElo "2257"]
[PlyCount "103"]
[EventDate "2022.06.28"]
[EventType "swiss (blitz)"]
[EventRounds "11"]
[EventCountry "USA"]
[SourceTitle "CBM 209 Extra"]
[Source "ChessBase"]
[SourceDate "2022.09.30"]
[SourceVersion "1"]
[SourceVersionDate "2022.09.30"]
[SourceQuality "1"]

1. Nf3 Nf6 2. c4 g6 3. b3 Bg7 4. Bb2 0-0 5. e3 d6 6. d4 Nbd7 7. Be2 Re8 8. 0-0 e5 9. dxe5 Ng4 10. Nc3 Ngxe5 11. Qc2 Nxf3+ 12. Bxf3 Ne5 13. Be2 b6 14. Rad1 Bb7 15. Nd5 c6 16. Nf4 Qc7 17. Rd2 Rad8 18. Rfd1 d5 19. cxd5 Qc8 20. dxc6 Rxd2 21. Rxd2 Qxc6 22. Qxc6 Bxc6 23. Kf1 h6 24. Bd4 Bf6 25. Nd3 Kg7 26. Nxe5 Bxe5 27. Bxe5+ Rxe5 28. Bc4 b5 29. Be2 Rc5 30. f3 a5 31. Kf2 b4 32. e4 Rc3 33. Bc4 a4 34. Ke2 a3 35. Kd1 g5 36. Rc2 Rxc2 37. Kxc2 Kf6 38. Kd3 Be8 39. Kd4 h5 40. Kc5 Ke5 41. Kxb4 f5 42. exf5 Kxf5 43. Kxa3 h4 44. g3 hxg3 45. hxg3 Bc6 46. Be2 Ke5 47. Kb4 Kd4 48. f4 gxf4 49. gxf4 Ke4 50. Bb5 Ba8 51. Kc5 Kxf4 52. Bc6 1-0

[Event "Titled Tuesday intern op 28th Jun Early"]
[Site "Chess.com INT"]
[Date "2022.06.28"]
[Round "3"]
[White "Vovk, Orest"]
[Black "Vianello, Enrico"]
[Result "1-0"]
[WhiteElo "2315"]
[BlackElo "2051"]
[PlyCount "55"]
[EventDate "2022.06.28"]
[EventType "swiss (blitz)"]
[EventRounds "11"]
[EventCountry "USA"]
[SourceTitle "CBM 209 Extra"]
[Source "ChessBase"]
[SourceDate "2022.09.30"]
[SourceVersion "1"]
[SourceVersionDate "2022.09.30"]
[SourceQuality "1"]

1. h4 d6 2. h5 e5 3. d4 exd4 4. Nf3 c5 5. c3 dxc3 6. Nxc3 Nc6 7. h6 g6 8. e4 Be6 9. Ng5 Qf6 10. Nxe6 fxe6 11. Bb5 Rc8 12. Qa4 a6 13. Bxc6+ Rxc6 14. Rh3 g5 15. Be3 Nxh6 16. 0-0-0 Nf7 17. Rf3 Qg6 18. Nd5 b5 19. Qa5 exd5 20. exd5 Rc8 21. Qxa6 Be7 22. Qxc8+ Nd8 23. Bxc5 g4 24. Re3 Kf8 25. Rxe7 Kxe7 26. Re1+ Kf7 27. Qd7+ Kf6 28. Bd4+ 1-0

[Event "Titled Tuesday intern op 12th Apr Early"]
[Site "Chess.com INT"]
[Date "2022.04.12"]
[Round "2"]
[White "Vianello, Enrico"]
[Black "Baches Garcia, Guillermo"]
[Result "1/2-1/2"]
[WhiteElo "2051"]
[BlackElo "2329"]
[PlyCount "87"]
[EventDate "2022.04.12"]
[EventType "swiss (blitz)"]
[EventRounds "11"]
[EventCountry "USA"]
[SourceTitle "CBM 207 Extra"]
[Source "ChessBase"]
[SourceDate "2022.05.31"]
[SourceVersion "1"]
[SourceVersionDate "2022.05.31"]
[SourceQuality "1"]

1. Nf3 d5 2. g3 g6 3. Bg2 Bg7 4. 0-0 e5 5. d3 Nc6 6. Nbd2 Nge7 7. e4 0-0 8. c3 a5 9. Qe2 h6 10. a4 Be6 11. Re1 Qd7 12. Nf1 g5 13. h4 g4 14. N3d2 f5 15. exf5 Nxf5 16. d4 e4 17. Ne3 h5 18. Nxf5 Rxf5 19. Nf1 Raf8 20. Be3 Rf3 21. Rab1 Ne7 22. Qc2 Nf5 23. Bxf3 gxf3 24. Bg5 Bf7 25. Kh2 Nh6 26. Ne3 Ng4+ 27. Nxg4 Qxg4 28. Rh1 Be6 29. Kg1 Kh7 30. Qd2 b6 31. Qe3 Kg6 32. Kf1 Bc8 33. Ke1 Qd7 34. b3 Ba6 35. Bf4 Bd3 36. Rb2 c5 37. Be5 Bxe5 38. Qg5+ Kf7 39. Qxh5+ Ke7 40. Qxe5+ Kd8 41. Qb8+ Ke7 42. Qe5+ Kd8 43. Qb8+ Ke7 44. Qe5+ 1/2-1/2

[Event "Titled Tuesday intern op 12th Apr Early"]
[Site "Chess.com INT"]
[Date "2022.04.12"]
[Round "9"]
[White "Vianello, Enrico"]
[Black "Kejzar, Petra"]
[Result "1-0"]
[WhiteElo "2051"]
[BlackElo "2031"]
[PlyCount "107"]
[EventDate "2022.04.12"]
[EventType "swiss (blitz)"]
[EventRounds "11"]
[EventCountry "USA"]
[SourceTitle "CBM 207 Extra"]
[Source "ChessBase"]
[SourceDate "2022.05.31"]
[SourceVersion "1"]
[SourceVersionDate "2022.05.31"]
[SourceQuality "1"]

1. Nf3 Nf6 2. c4 e6 3. b3 d5 4. Bb2 Be7 5. e3 0-0 6. Be2 b6 7. 0-0 Bb7 8. Nc3 c5 9. cxd5 exd5 10. d4 Nbd7 11. Rc1 Rc8 12. dxc5 Nxc5 13. Nb5 Nfe4 14. Nbd4 Bf6 15. Rc2 Ne6 16. Rxc8 Qxc8 17. Qa1 Qd7 18. Rc1 a6 19. h3 Re8 20. Qb1 N4c5 21. Nxe6 Qxe6 22. Bxf6 Qxf6 23. Qc2 Ne6 24. Qd2 d4 25. Nxd4 Nxd4 26. exd4 Qd8 27. Bf1 h6 28. Qb4 Qf6 29. Re1 Rd8 30. Rd1 a5 31. Qc4 Bd5 32. Qc7 Be4 33. Qc3 Rd5 34. Qe3 Qg6 35. Qg3 Rg5 36. Qb8+ Kh7 37. g3 h5 38. Qf4 Bb7 39. h4 Qc6 40. d5 Rxd5 41. Qe4+ f5 42. Qxd5 Qxd5 43. Rxd5 Bxd5 44. Bd3 Kg6 45. Kf1 Kf6 46. Ke2 Ke5 47. Ke3 Bc6 48. f4+ Kd6 49. Kd4 g6 50. Bc4 Be8 51. a3 b5 52. Bg8 a4 53. b4 Kc6 54. Ke5 1-0

[Event "Titled Tuesday intern op 08th Mar Early"]
[Site "Chess.com INT"]
[Date "2022.03.08"]
[Round "4"]
[White "Plotnikov, Pavel"]
[Black "Vianello, Enrico"]
[Result "1-0"]
[WhiteElo "2297"]
[BlackElo "2051"]
[PlyCount "55"]
[EventDate "2022.03.08"]
[EventType "swiss (blitz)"]
[EventRounds "11"]
[EventCountry "USA"]
[SourceTitle "CBM 207 Extra"]
[Source "ChessBase"]
[SourceDate "2022.05.31"]
[SourceVersion "1"]
[SourceVersionDate "2022.05.31"]
[SourceQuality "1"]

1. e4 d6 2. d4 Nf6 3. Nc3 e5 4. Nf3 Nbd7 5. Bc4 Be7 6. a4 0-0 7. a5 c6 8. 0-0 Rb8 9. Be3 b5 10. axb6 axb6 11. d5 b5 12. Be2 b4 13. dxc6 Nc5 14. Nd5 Nxd5 15. exd5 f5 16. Bxc5 dxc5 17. Nxe5 f4 18. Nc4 Bd6 19. Bf3 Bf5 20. Re1 Rf6 21. Ra7 Qf8 22. Bg4 Bg6 23. Re6 Rxe6 24. Bxe6+ Kh8 25. Rd7 Be7 26. c7 Rc8 27. d6 Bf6 28. Nb6 1-0

[Event "Titled Tuesday intern op 08th Mar Early"]
[Site "Chess.com INT"]
[Date "2022.03.08"]
[Round "3"]
[White "Vianello, Enrico"]
[Black "Piliczewski, Bogusz"]
[Result "1-0"]
[WhiteElo "2051"]
[BlackElo "1938"]
[PlyCount "75"]
[EventDate "2022.03.08"]
[EventType "swiss (blitz)"]
[EventRounds "11"]
[EventCountry "USA"]
[SourceTitle "CBM 207 Extra"]
[Source "ChessBase"]
[SourceDate "2022.05.31"]
[SourceVersion "1"]
[SourceVersionDate "2022.05.31"]
[SourceQuality "1"]

1. Nf3 d5 2. c4 c6 3. e3 Nf6 4. b3 Bf5 5. Bb2 e6 6. Nc3 Nbd7 7. Be2 Bd6 8. 0-0 h6 9. d3 0-0 10. Rc1 e5 11. cxd5 cxd5 12. Qc2 Rc8 13. Qb1 e4 14. Nd4 Bh7 15. dxe4 dxe4 16. Rfd1 Qe7 17. Ncb5 Bb8 18. Ba3 Nc5 19. Rd2 Qe5 20. g3 Rfd8 21. Rcd1 Nd3 22. Nc3 Rxc3 23. Bb2 Rdc8 24. Bxc3 Rxc3 25. Rc2 Rxc2 26. Qxc2 Qc7 27. Qd2 Nd5 28. Rb1 Nc3 29. Bxd3 exd3 30. Rc1 Ne2+ 31. Nxe2 Qd8 32. Nf4 Bxf4 33. gxf4 Be4 34. Rc4 f5 35. Rd4 Qc7 36. f3 Qc2 37. Qxc2 dxc2 38. Rc4 1-0

[Event "Titled Tuesday intern op 08th Mar Early"]
[Site "Chess.com INT"]
[Date "2022.03.08"]
[Round "9"]
[White "Vianello, Enrico"]
[Black "Qashashvili, Alexandre"]
[Result "1-0"]
[WhiteElo "2051"]
[BlackElo "2505"]
[PlyCount "45"]
[EventDate "2022.03.08"]
[EventType "swiss (blitz)"]
[EventRounds "11"]
[EventCountry "USA"]
[SourceTitle "CBM 207 Extra"]
[Source "ChessBase"]
[SourceDate "2022.05.31"]
[SourceVersion "1"]
[SourceVersionDate "2022.05.31"]
[SourceQuality "1"]

1. Nf3 c6 2. c4 d5 3. e3 Nf6 4. Qc2 g6 5. b3 Bg7 6. Bb2 Bf5 7. d3 dxc4 8. bxc4 0-0 9. Nbd2 Nbd7 10. Be2 Re8 11. e4 Bg4 12. e5 Bxf3 13. Bxf3 Nh5 14. Bxh5 gxh5 15. d4 c5 16. f4 cxd4 17. Bxd4 e6 18. 0-0 Rc8 19. Ne4 Bf8 20. Rac1 Qc7 21. Qe2 Nc5 22. Nf6+ Kh8 23. Qc2 1-0

[Event "Titled Tuesday intern op 25th Jan"]
[Site "Chess.com INT"]
[Date "2022.01.25"]
[Round "1"]
[White "Marczuk, Dominik"]
[Black "Vianello, Enrico"]
[Result "1-0"]
[WhiteElo "2281"]
[BlackElo "2051"]
[PlyCount "139"]
[EventDate "2022.01.25"]
[EventType "swiss (blitz)"]
[EventRounds "11"]
[EventCountry "USA"]
[SourceTitle "CBM 206 Extra"]
[Source "ChessBase"]
[SourceDate "2022.03.31"]
[SourceVersion "1"]
[SourceVersionDate "2022.03.31"]
[SourceQuality "1"]

1. e4 c5 2. Nf3 e6 3. d4 cxd4 4. Nxd4 Nc6 5. Nc3 Qc7 6. Nxc6 bxc6 7. Bd3 d5 8. 0-0 Nf6 9. b3 c5 10. Bb2 c4 11. Be2 Bb7 12. exd5 exd5 13. Bf3 Be7 14. Nb5 Qb6 15. a4 0-0 16. Bd4 Bc5 17. Bxc5 Qxc5 18. Qd4 Qxd4 19. Nxd4 cxb3 20. cxb3 Rac8 21. Rfc1 g6 22. b4 Ne4 23. g3 Nd2 24. Bg2 Rc4 25. Rxc4 Nxc4 26. Re1 Rb8 27. Re7 Kf8 28. Rc7 a5 29. bxa5 Nxa5 30. Rc5 Ra8 31. Rb5 Ra7 32. h4 Nc4 33. Rb4 Nd6 34. h5 gxh5 35. Nb3 Bc6 36. a5 Bb5 37. Nd4 Bc4 38. Rb6 Ne4 39. Nc6 Ra6 40. Bf1 Bxf1 41. Kxf1 Ra8 42. a6 Nd2+ 43. Ke2 Nc4 44. Rb8+ Rxb8 45. Nxb8 Nb6 46. Nc6 Ke8 47. Ke3 Kd7 48. Nd4 Kd6 49. Kf4 Kc5 50. Nf5 d4 51. Ke4 Kb5 52. Nxd4+ Kxa6 53. Kf5 Nd5 54. Ke5 Nc7 55. Kf6 Kb6 56. Kxf7 Kc5 57. Ne6+ Nxe6 58. Kxe6 Kd4 59. f4 Ke4 60. f5 Kf3 61. f6 Kxg3 62. f7 h4 63. f8Q h3 64. Qg7+ Kf2 65. Qxh7 Kg2 66. Qg6+ Kf2 67. Qf5+ Kg2 68. Qg4+ Kh2 69. Kf5 Kh1 70. Qxh3+ 1-0

[Event "Titled Tuesday intern op 21st Dec"]
[Site "Chess.com INT"]
[Date "2021.12.21"]
[Round "2"]
[White "Nadeev, Sergey Vladimirovic"]
[Black "Vianello, Enrico"]
[Result "1-0"]
[WhiteElo "2274"]
[BlackElo "2051"]
[PlyCount "73"]
[EventDate "2021.12.21"]
[EventType "swiss (blitz)"]
[EventRounds "11"]
[EventCountry "USA"]
[SourceTitle "CBM 205 Extra"]
[Source "ChessBase"]
[SourceDate "2022.01.31"]
[SourceVersion "1"]
[SourceVersionDate "2022.01.31"]
[SourceQuality "1"]

1. d4 Nf6 2. Bf4 e6 3. Nf3 c5 4. e3 cxd4 5. exd4 Be7 6. c3 0-0 7. Bd3 b6 8. Nbd2 Ba6 9. Bxa6 Nxa6 10. 0-0 Nc7 11. Nc4 d6 12. a4 Ncd5 13. Bd2 Qc7 14. Qe2 Rac8 15. Na3 Qb7 16. c4 Nc7 17. Rfe1 Rfd8 18. b4 a6 19. Rab1 d5 20. c5 bxc5 21. bxc5 Qa7 22. Ne5 Nce8 23. Rb6 Ra8 24. Nc6 Qd7 25. Nxd8 Bxd8 26. Rxa6 Rb8 27. Nb5 Qc8 28. Ra7 Ne4 29. Ba5 Bf6 30. Qd3 Nxc5 31. dxc5 Qxc5 32. Rd7 Qc6 33. Ra7 Qc5 34. Ra6 h5 35. Qd2 h4 36. Rc1 Qe7 37. Bb4 1-0

[Event "Titled Tuesday intern op 14th Dec"]
[Site "Chess.com INT"]
[Date "2021.12.14"]
[Round "8"]
[White "Seifert, Henryk"]
[Black "Vianello, Enrico"]
[Result "1-0"]
[WhiteElo "2148"]
[BlackElo "2051"]
[PlyCount "143"]
[EventDate "2021.12.14"]
[EventType "swiss (blitz)"]
[EventRounds "11"]
[EventCountry "USA"]
[SourceTitle "EXT 2023"]
[Source "ChessBase"]
[SourceDate "2022.10.05"]
[SourceVersion "1"]
[SourceVersionDate "2022.10.05"]
[SourceQuality "1"]

1. e4 c5 2. Nf3 e6 3. c3 Nf6 4. e5 Nd5 5. d4 cxd4 6. cxd4 d6 7. Be2 Bd7 8. 0-0 Bc6 9. Nc3 Nxc3 10. bxc3 Nd7 11. Ba3 dxe5 12. Bxf8 Kxf8 13. dxe5 h6 14. Qd6+ Qe7 15. Rfd1 Qxd6 16. exd6 f6 17. Nd4 Kf7 18. Rab1 Nb6 19. Bg4 f5 20. Bf3 Bxf3 21. Nxf3 Rac8 22. c4 Kf6 23. d7 Rcd8 24. h3 Rhf8 25. Rb5 Rf7 26. Ne5 Re7 27. f4 Nxd7 28. Rxb7 Nxe5 29. fxe5+ Kxe5 30. Rb5+ Kf4 31. Rxd8 e5 32. Rdd5 g6 33. Kf2 e4 34. g3+ Kg5 35. Rd6 h5 36. Rbd5 Rb7 37. h4+ Kg4 38. Rxg6+ Kh3 39. Rg5 Rb2+ 40. Ke3 Rxa2 41. Rdxf5 Rc2 42. c5 a5 43. Rxh5 a4 44. c6 Rxc6 45. Ra5 Kxg3 46. Rxa4 Kg4 47. Rh8 Rc1 48. Rxe4+ Kf5 49. Rf4+ Ke5 50. Rh5+ Kd6 51. Rg4 Rc3+ 52. Kd4 Ra3 53. Rg6+ Ke7 54. Rh7+ Kf8 55. Rb6 Ra4+ 56. Kc5 Ra5+ 57. Kd6 Kg8 58. Rc7 Ra8 59. Rbb7 Rd8+ 60. Kc6 Re8 61. h5 Re6+ 62. Kd5 Re8 63. Re7 Rd8+ 64. Ke6 Ra8 65. h6 Ra6+ 66. Kd5 Ra5+ 67. Kc4 Ra4+ 68. Kb3 Ra8 69. Rg7+ Kh8 70. Rh7+ Kg8 71. Rbg7+ Kf8 72. Rh8# 1-0

[Event "Titled Tuesday intern op 14th Dec"]
[Site "Chess.com INT"]
[Date "2021.12.14"]
[Round "2"]
[White "Vianello, Enrico"]
[Black "Korkmaz, Necmettin"]
[Result "1-0"]
[WhiteElo "2051"]
[BlackElo "2106"]
[PlyCount "87"]
[EventDate "2021.12.14"]
[EventType "swiss (blitz)"]
[EventRounds "11"]
[EventCountry "USA"]
[SourceTitle "EXT 2023"]
[Source "ChessBase"]
[SourceDate "2022.10.05"]
[SourceVersion "1"]
[SourceVersionDate "2022.10.05"]
[SourceQuality "1"]

1. Nf3 d5 2. d4 g6 3. c4 dxc4 4. e3 b5 5. a4 c6 6. b3 b4 7. Bxc4 Bg7 8. Qe2 Nf6 9. h3 0-0 10. 0-0 a5 11. Bb2 Ba6 12. Nbd2 Nd5 13. Rac1 c5 14. Rfd1 Nc3 15. Bxc3 bxc3 16. Rxc3 cxd4 17. exd4 Bxd4 18. Rd3 e5 19. Nxd4 exd4 20. Bxa6 Nxa6 21. Nf3 Nc5 22. Rxd4 Qf6 23. Qb5 Rfc8 24. Rc4 Rab8 25. Qxa5 Nxb3 26. Rxc8+ Rxc8 27. Qb5 Rc3 28. a5 Rxf3 29. gxf3 Nd4 30. Rxd4 Qxd4 31. a6 Kg7 32. Qb7 Qa1+ 33. Kg2 Qa5 34. Qb2+ Kh6 35. Qf6 Qa4 36. Kg3 Qa5 37. h4 Qa4 38. Qf4+ Qxf4+ 39. Kxf4 Kg7 40. a7 h6 41. a8Q g5+ 42. hxg5 hxg5+ 43. Kxg5 f6+ 44. Kf5 1-0